000 00516nam a2200229Ia 4500
003 OSt
005 20220912152552.0
006 a|||||r|||| 00| 0
007 ta
008 220909b |||||||| |||| 00| 0 eng d
024 _a41131
037 _cTextual
040 _aCSL
_beng
_cCSL
041 _aeng
082 _aFg, M6
245 0 _aHandbook of indigenous manufactures
260 _c1986
300 _ap.
_ccm.
650 _aChemcials
942 _hFg, M6
_cTEXL
_2CC
999 _c88790
_d88790